Többet, jobbat, olcsóbban Szegedi vállalatok kongresszusi verseny sikeréért
Elmentve itt :
| Dokumentumtípus: | Cikk |
|---|---|
| Megjelent: |
1974-06-18
|
| Sorozat: | Délmagyarország
64 No. 140 |
| Kulcsszavak: | gyáripar |
| Online Access: | http://dmarchiv.bibl.u-szeged.hu/104664 |
| LEADER | 00450nab a2200145 i 4500 | ||
|---|---|---|---|
| 001 | delm104664 | ||
| 005 | 20190412144738.0 | ||
| 008 | 190412s1974 hu o 0|| hun d | ||
| 040 | |a SZTE Délmagyarország Archívum |b hun | ||
| 041 | |a hun | ||
| 245 | 0 | 0 | |a Többet, jobbat, olcsóbban |h [elektronikus dokumentum] : |b Szegedi vállalatok kongresszusi verseny sikeréért |
| 260 | |c 1974-06-18 | ||
| 300 | |a 1 | ||
| 490 | 0 | |a Délmagyarország |v 64 No. 140 | |
| 695 | |a gyáripar | ||